| 000 | 00404nam a2200157Ia 4500 | ||
|---|---|---|---|
| 008 | 230917s9999||||xx |||||||||||||| ||und|| | ||
| 040 |
_e71875 _aMAIN |
||
| 041 | _aEnglish | ||
| 082 | _a612 W357R | ||
| 100 | _aWaugh, Anne | ||
| 245 | 0 | _aAnatomy and physiology in health and illness | |
| 250 | _a9th ed. | ||
| 260 |
_aEdinburgh _bChurchill Livingstone _c2001 |
||
| 300 | _aviii, 484 p. | ||
| 942 | _cBK | ||
| 999 |
_c112457 _d112457 |
||